4 fois 4 à la Suite #1 - Statistiques

Statistiques générales
  • Ce quiz a été pris 73 fois
  • Le résultat moyen est 12 sur 46
Statistiques - réponses
Question Réponse % Correct
En comptant les jokers, combien un jeu classique français compte-t-il de cartes ? 54
63%
Quel département ayant Genève pour préfecture portait le nom d’un lac bordant la ville ? Léman
63%
En 2021, quel pays est devenu le premier à quitter l’Union Européenne ? Royaume-Uni
63%
Dans quel pays se trouve Maastricht, qui a donné son nom au traité fondateur de l’euro ? Pays-Bas
60%
Quel département tenait son nom du point culminant de la France ? Mont-Blanc
58%
Quel département, couvrant une île entière, a été créé des départements du Golo et du Liamone ? Corse
55%
Quel département portait le nom de la capitale italienne ? Rome
53%
Au poker, comment nomme-t-on une main faite de trois cartes de même valeur ? Brelan
47%
Que signifie l’acronyme « C.E.E. » ? Communauté Economique Européenne
45%
Le 1er janvier 2023, quel pays a adopté l’euro ? Croatie
45%
Quel terme, dérivé du nom de l’auteur du « Manifeste du parti communiste », désigne une doctrine politique ? Marxisme
45%
Quel adjectif dérivé d’un philosophe grec est employé pour parler d’une relation amoureuse sans relation charnelle ? Platonique
45%
Quelle ville luxembourgeoise a donné son nom au traité de libre-échange des marchandises et des personnes ? Schengen
45%
A la belote, quelle carte vaut le plus de points à l’atout ? Valet
44%
Au tarot, quelle carte est ajoutée entre le valet et la dame ? Cavalier
42%
Quelles ressources correspondent aux deux dernières lettres de la « CECA », première communauté créée ? Charbon & Acier
42%
Quel département, aujourd’hui grec, portait le nom de l’île dont Ulysse était le roi ? Ithaque
40%
Combien de cartes un jeu de tarot comporte-t-il ? 78
35%
Quel terme, désignant un habitant du vieux continent, est dérivé du nom de la déesse grecque épouse de Poséidon ? Europe
34%
Dans « Le mémorial de Sainte-Hélène », quel chef d’état est le premier à évoquer des Etats-Unis d’Europe ? Napoléon Ier
34%
Quel personnage d’Alfred Jarry a donné son nom à un terme employé pour parler d’une situation comique et grotesque ? Ubu
26%
En 1950, quel homme, alors ministre français des affaires étrangères, prononce un discours considéré comme fondateur de l’Union Européenne ? Schuman, Robert
23%
En URSS, quel nom dérivé d’un ouvrier modèle désignait une méthode d’encouragement à battre des records de production ? Stakhanovisme
23%
Quel terme, apparu aux Etats-Unis dans les années 1950, désigne une doctrine de « chasse aux sorcières » anticommuniste ? Maccarthysme
21%
Quel département devenu land allemand fut, à la fin de la seconde guerre mondiale, un protectorat français ? Sarre
21%
Quel département dont la préfecture était Florence portait le nom du fleuve qui traverse la ville ? Arno
19%
Jusqu’en 1969, quel nom portait le département des Pyrénées-Atlantiques ? Basses-Pyrénées
16%
Dans la célèbre scène de la partie de cartes de "Marius" de Pagnol, à quel jeu les personnages jouent-ils ? Manille
16%
Quel jeu, comprenant un chiffre dans son nom, a inspiré le Uno ? Huit américain
13%
Quel mouvement politique et syndical de la Quatrième République revendiquait la défense des petits commerçants et artisans ? Poujadisme
13%
Quel département ayant pour préfecture Luxembourg portait le nom d’une vaste étendue d’arbres ? Forêts
10%
Quel terme Ferdinand Lop, perpétuel candidat parodique aux élections, avait-il choisi pour désigner ses détracteurs ? Anti-lops
8%
Dans un jeu français, comment s’appelle la reine de coeur, dont le nom est anagramme de « reine » en latin ? Argine
8%
Quel terme, souvent péjoratif, dérivé de « idole », désigne une personne fanatique de l’auteur des « Misérables » ? Hugolâtre
8%
Quel terme emploie-t-on pour parler d’une doctrine similaire à celle du révolutionnaire Gracchus Babeuf ? Babouvisme
6%
Supprimée en 1959, quel roi français a instauré une taxe sur les cartes à jouer ? Henri III
6%
Quel département algérien a donné son nom à un dispositif d’éclairage ? Bougie
5%
Quel département, aujourd’hui suisse, incluait dans son nom un mot synonyme de « affreux » ? Mont-Terrible
5%
Quelle est la devise de l’Union Européenne ? Unie dans la diversité, In varietate concordia
5%
Quel terme désigne un souverain de la famille Bonaparte et les pièces de monnaies qui furent frappées à leur effigie ? Napoléonide
3%
Quel département néerlandais dont le nom signifie « mer du sud », est devenue le lac de l’Yssel après sa poldérisation ? Zuyderzée
3%
En 1986, quel traité dû en partie à Jacques Delort est le premier à intégrer des dispositions supranationales ? Acte unique européen
2%
Dans les jeux de cartes italiens et espagnols, quelle enseigne est équivalente aux carreaux français ? Deniers
2%
Quel verbe, dérivé d’un auteur italien et employé par Du Bellay dans « Les Regrets », signifie « célébrer en vers un amour idéalisé » ? Pétrarquiser
2%
Au nombre de mois de quel calendrier font référence les 13 cartes de chaque famille ? Egyptien
0%
Quelle union, créée en 1948 avec le traité de Bruxelles, a été dissoute en 2011 ? Union (de l'Europe) Occidentale
0%
Aucun quiz correspondant
Distribution des résultats
% des personnes avec chaque résultat
Percentile par nombre de réponses
Votre historique - résultats
Vous n’avez pas pris ce quiz